书目信息 |
| 题名: |
新出秦汉简帛丛考
|
|
| 作者: | 何有祖 著 | |
| 分册: | ||
| 出版信息: | 北京 科学出版社 2021 |
|
| 页数: | 170页 | |
| 开本: | 26cm | |
| 丛书名: | 武汉大学简帛丛书 | |
| 单 册: | ||
| 中图分类: | K877.54 , K877.94 | |
| 科图分类: | ||
| 主题词: | 简(考古)--研究--中国--秦汉时代 , 帛书--研究--中国--秦汉时代 | |
| 电子资源: | ||
| ISBN: | 978-7-03-069777-6 | |
| 000 | 01236nam0 2200289 450 | |
| 001 | 011484024 | |
| 005 | 20211203201302.0 | |
| 010 | @a978-7-03-069777-6@dCNY128.00 | |
| 100 | @a20211111d2021 em y0chiy0120 ea | |
| 101 | 0 | @achi |
| 102 | @aCN@b110000 | |
| 105 | @aa z 000yy | |
| 106 | @ar | |
| 200 | 1 | @a新出秦汉简帛丛考@9xin chu qin han jian bo cong kao@f何有祖著 |
| 210 | @a北京@c科学出版社@d2021 | |
| 215 | @a170页@c图@d26cm | |
| 225 | 1 | @a武汉大学简帛丛书 |
| 300 | @a武汉大学自主科研项目(人文社会科学)“新出里耶秦简文本复原”研究成果,得到“中央高校基本科研业务费专项资金”资助 国家社科基金重大项目“湖北出土未刊布楚简(五种)集成研究”、青年项目“战国秦汉简帛所见《国语》类文献整理与研究”、一般项目“已刊里耶秦简文本再整理与分类研究”的资助 | |
| 330 | @a本书收集了作者十多年来在秦汉简帛文本解读方面的多篇文章。书中共七章,主要内容包括:湖南出土秦汉简帛考释、甘肃出土汉简考释、湖南大学岳麓书院藏秦简考释、北京大学藏秦汉简牍考释等。 | |
| 461 | 0 | @12001 @a武汉大学简帛丛书 |
| 606 | 0 | @a简(考古)@x研究@y中国@z秦汉时代 |
| 606 | 0 | @a帛书@x研究@y中国@z秦汉时代 |
| 690 | @aK877.54@v5 | |
| 690 | @aK877.94@v5 | |
| 701 | 0 | @a何有祖@9he you zu@4著 |
| 801 | 0 | @aCN@bBJXHZP@c20230228 |
| 905 | @b1386485-6@dK877.54@e531@f2 | |
| 新出秦汉简帛丛考/何有祖著.-北京:科学出版社,2021 |
| 170页:图;26cm.-(武汉大学简帛丛书) |
| 武汉大学自主科研项目(人文社会科学)“新出里耶秦简文本复原”研究成果,得到“中央高校基本科研业务费专项资金”资助 国家社科基金重大项目“湖北出土未刊布楚简(五种)集成研究”、青年项目“战国秦汉简帛所见《国语》类文献整理与研究”、一般项目“已刊里耶秦简文本再整理与分类研究”的资助 |
| ISBN 978-7-03-069777-6:CNY128.00 |
| 本书收集了作者十多年来在秦汉简帛文本解读方面的多篇文章。书中共七章,主要内容包括:湖南出土秦汉简帛考释、甘肃出土汉简考释、湖南大学岳麓书院藏秦简考释、北京大学藏秦汉简牍考释等。 |
| ● |
| 相关链接 |
|
|
|
|
正题名:新出秦汉简帛丛考
索取号:K877.54/531
 
预约/预借
| 序号 | 登录号 | 条形码 | 馆藏地/架位号 | 状态 | 备注 |
| 1 | 1386485 | 213864852 | 第二样本阅览室/ [索取号:K877.54/531] | 在馆 | |
| 2 | 1386486 | 213864861 | 第二借阅区/ [索取号:K877.54/531] | 在馆 |